00000000nam 2200000za 4500
0019.674703
003CaOODSP
00520250125192509
007cr |||||||||||
008150407|2009||||xxc|||||o    f|0| 0 hin d
020 |a978-0-662-03128-4
040 |aCaOODSP|beng
043 |an-cn---
0861 |aCi4-12/2009Hin-PDF|zCi4-12/2009Hi-PDF
1101 |aCanada. |bCitizenship and Immigration Canada.
24510|a[Immigration fraud] |h[electronic resource].
250 |a[Hindi edition].
260 |aOttawa - Ontario : |bCitizenship and Immigration Canada |c[2009?].
300 |a1p.
546 |aText in Hindi.
590 |a11-05-Supp|b2011-03-15
69007|aFraud|2gcpds
69007|aImmigration|2gcpds
792 |t[Fraude en matière d'immigration] |efre|w(CaOODSP)9.674704
85640|ahttp://publications.gc.ca|qPDF|s203 KB|uhttps://publications.gc.ca/collections/collection_2011/cic/Ci4-12-2009-hin.pdf